高速入力 1-10 - Statistics

General Stats
  • This quiz has been taken 51 times
  • The average score is 10 of 10
Answer Stats
答え % Correct
1
100%
2
97%
5
97%
6
97%
7
97%
8
97%
9
97%
3
94%
4
94%
10
94%
No matching quizzes found
Score Distribution
Percent of People with Each Score
Percentile by Number Answered
Your Score History
You have not taken this quiz